000 00839nam a2200241z 4500
008
020 _a9780850928808 (pbk.)
049 _aMAIN
050 4 _aLC57.5
_bLOW
245 0 0 _aLow-cost private education :
_bimpacts on achieving universal primary education /
_cedited by Bob Phillipson.
260 _aLondon :
_bCommmonwealth Secretariat,
_cc2008.
300 _axii, 183 p. :
_bill. ;
_c24 cm.
500 _aIncludes index.
504 _aIncludes bibliographical references.
650 0 _aPrivate schools
_zDeveloping countries
_y21st century
_vCase studies.
650 0 _aPrivate schools
_zDeveloping countries
_xCosts
_vCase studies.
700 1 _aPhillipson, Bob.
907 _a.b10268236
_b19-05-10
_c02-10-09
003
005 20230123125007.0
040 _cNUST
942 _cBOOKS
999 _c133839
_d133839